000
00291nam a22001337a 4500
008
170929b xxu||||| |||| 00| 0 eng d
020
_a
9780205642267
041
_a
eng
080
_2
7TH
_a
37
100
_a
47
101
_a
EDU
245
_a
THE LONGMAN WRITER
_c
NADELL,J
942
_2
udc
_c
BK
999
_c
30635
_d
30635